[Event "CP-2012-Q-00008"]
[White "Onder, Evren"]
[Black "Pluemmer, Rolf"]
[Site "LSS email"]
[Round "?"]
[Result "0-1"]
[Date "2013.12.17"]
[WhiteElo "2033"]
[BlackElo "2141"]
[PlyCount "40"]
[EventDate "2013.12.22"]
[EventType "tourn (corr)"]
[EventRounds "6"]
[EventCountry "GER"]
[SourceTitle "Corr 2015"]
[Source "ChessBase"]
[SourceDate "2015.07.17"]
[SourceVersion "1"]
[SourceVersionDate "2015.07.17"]
[SourceQuality "1"]

1. e4 c5 2. Nf3 Nc6 3. Bb5 e6 4. 0-0 Nge7 5. c3 a6 6. Ba4 b5 7. Bc2 Bb7 8. d4 cxd4 9. Nxd4 Ng6 10. f4 Bc5 11. Kh1 0-0 12. f5 Nge5 13. a4 b4 14. Bf4 bxc3 15. bxc3 Qf6 16. fxe6 dxe6 17. Nxc6 Bxc6 18. Bg3 Qg5 19. Bf4 Qf6 20. Bg3 Qg5 0-1

[Event "CP-2012-Q-00008"]
[White "Onder, Evren"]
[Black "Schubert, Steffen"]
[Site "LSS email"]
[Round "?"]
[Result "0-1"]
[Date "2013.12.17"]
[WhiteElo "2033"]
[BlackElo "1934"]
[PlyCount "68"]
[EventDate "2013.12.22"]
[EventType "tourn (corr)"]
[EventRounds "6"]
[EventCountry "GER"]
[SourceTitle "Corr 2015"]
[Source "ChessBase"]
[SourceDate "2015.07.17"]
[SourceVersion "1"]
[SourceVersionDate "2015.07.17"]
[SourceQuality "1"]

1. e4 e5 2. Nf3 Nf6 3. d4 Nxe4 4. Bd3 d5 5. dxe5 Be7 6. 0-0 Nc6 7. Nc3 Nxc3 8. bxc3 0-0 9. Re1 Be6 10. Rb1 b6 11. Nd4 Nxd4 12. cxd4 c5 13. c3 Qd7 14. a4 Bg4 15. f3 Be6 16. Be3 c4 17. Bc2 Rab8 18. Rb2 g6 19. Bh6 Rfe8 20. f4 Ba3 21. Rb1 Bf8 22. Bxf8 Rxf8 23. Qf3 Kh8 24. Qf2 Rb7 25. h3 Qe7 26. f5 gxf5 27. Re3 Rg8 28. Bxf5 Rg7 29. Kh2 Rb8 30. Rf3 Rbg8 31. Rg1 a6 32. Bxe6 fxe6 33. g3 b5 34. axb5 axb5 0-1

[Event "CP-2013-P-00063"]
[White "Onder, Evren"]
[Black "Shivdasani, Vijay"]
[Site "LSS email"]
[Round "?"]
[Result "0-1"]
[Date "2013.09.30"]
[WhiteElo "2319"]
[BlackElo "2079"]
[PlyCount "88"]
[EventDate "2013.10.01"]
[EventType "tourn (corr)"]
[EventRounds "6"]
[EventCountry "GER"]
[SourceTitle "Corr 2022"]
[Source "ChessBase"]
[SourceDate "2021.10.24"]
[SourceVersion "1"]
[SourceVersionDate "2021.10.24"]
[SourceQuality "1"]

1. e4 c5 2. Nf3 d6 3. d4 cxd4 4. Nxd4 Nf6 5. Nc3 a6 6. f3 e5 7. Nb3 Be6 8. Be3 h5 9. Be2 Nbd7 10. f4 g6 11. h3 Qc7 12. Qd2 0-0-0 13. 0-0-0 Be7 14. Kb1 Nb6 15. Bd3 Nc4 16. Bxc4 Qxc4 17. Bb6 Rd7 18. Qe3 d5 19. fxe5 Nxe4 20. Rd3 Kb8 21. Rhd1 Bg5 22. Qe1 Bh4 23. g3 Bd8 24. Bg1 Nxc3+ 25. Rxc3 Qe4 26. Re3 Qc4 27. Rd4 Qc8 28. Rc3 Rc7 29. Rdd3 d4 30. Nxd4 Bxh3 31. Qe3 b6 32. a4 Re8 33. a5 Qb7 34. axb6 Rxc3 35. Rxc3 Bxb6 36. Rb3 Ka8 37. Qe1 Be6 38. Nxe6 Rxe6 39. Qe2 Ka7 40. Qf1 Kb8 41. Qd3 Kc8 42. Qc4+ Qc7 43. Qxa6+ Qb7 44. Qa3 Qh1 0-1

[Event "CP-2013-P-00063"]
[White "Weiss, Lester"]
[Black "Onder, Evren"]
[Site "LSS email"]
[Round "?"]
[Result "1-0"]
[Date "2013.09.30"]
[WhiteElo "1962"]
[BlackElo "2319"]
[PlyCount "85"]
[EventDate "2013.10.01"]
[EventType "tourn (corr)"]
[EventRounds "6"]
[EventCountry "GER"]
[SourceTitle "Corr 2022"]
[Source "ChessBase"]
[SourceDate "2021.10.24"]
[SourceVersion "1"]
[SourceVersionDate "2021.10.24"]
[SourceQuality "1"]

1. e4 e5 2. Nf3 Nc6 3. Bb5 a6 4. Ba4 Nf6 5. 0-0 Be7 6. Re1 b5 7. Bb3 0-0 8. c3 d6 9. h3 Nb8 10. d4 Nbd7 11. Nbd2 c5 12. Nf1 Bb7 13. Ng3 Rc8 14. d5 c4 15. Bc2 g6 16. Be3 Qc7 17. Qd2 Rb8 18. Bh6 Rfc8 19. Nf5 Bd8 20. Ne3 Nc5 21. Ng4 Nxg4 22. hxg4 a5 23. a3 Be7 24. Nh2 f6 25. Be3 Qd7 26. Rad1 Ra8 27. Qe2 Ba6 28. Ra1 Rab8 29. Nf1 Bd8 30. Qf3 Rc7 31. Bh6 g5 32. Ng3 Bc8 33. Nf5 b4 34. axb4 axb4 35. cxb4 Rxb4 36. Reb1 Rb8 37. Qc3 Nb3 38. Bxb3 Rxb3 39. Qc2 Rb8 40. Ra4 c3 41. b4 Qf7 42. Nxd6 Qg6 43. Rba1 1-0

[Event "WC-2013-F-00004"]
[White "Roberts, Anthony"]
[Black "Onder, Evren"]
[Site "LSS email"]
[Round "?"]
[Result "1-0"]
[Date "2013.07.24"]
[WhiteElo "2162"]
[BlackElo "2033"]
[PlyCount "117"]
[EventDate "2013.08.01"]
[EventType "tourn (corr)"]
[EventRounds "12"]
[EventCountry "GER"]
[SourceTitle "Corr 2015"]
[Source "ChessBase"]
[SourceDate "2015.07.17"]
[SourceVersion "1"]
[SourceVersionDate "2015.07.17"]
[SourceQuality "1"]

1. e4 e5 2. Nf3 Nc6 3. Bb5 a6 4. Ba4 Nf6 5. 0-0 Be7 6. Re1 b5 7. Bb3 d6 8. c3 0-0 9. h3 Nb8 10. d4 Nbd7 11. Nbd2 c5 12. Bc2 cxd4 13. cxd4 Bb7 14. a4 exd4 15. Nxd4 bxa4 16. Nf5 Rc8 17. Rxa4 g6 18. Nxe7+ Qxe7 19. Nc4 Nc5 20. Qxd6 Qxd6 21. Nxd6 Nxa4 22. Nxc8 Rxc8 23. Bxa4 Nxe4 24. Bb3 Bc6 25. Bh6 Rb8 26. Rd1 Nc5 27. Bc4 Bb5 28. Bxb5 axb5 29. Rd5 Ne6 30. g3 b4 31. Kf1 b3 32. h4 f6 33. Ra5 Rb4 34. Ra8+ Kf7 35. Ra7+ Kg8 36. Re7 Rb6 37. Kg2 Rd6 38. Kh3 Rb6 39. Kg2 Rd6 40. Rb7 g5 41. Rxb3 gxh4 42. gxh4 Rd5 43. Rb4 Nd4 44. Be3 Nf5 45. Kf3 Kf7 46. Ke4 Re5+ 47. Kd3 Rd5+ 48. Kc2 Nd6 49. Rf4 Ke6 50. b4 Ke5 51. h5 Ke6 52. Rh4 Re5 53. Kb3 Nf5 54. Rh3 Kd5 55. Bc5 Kc6 56. Rc3 Re6 57. Ka4 Kb7 58. b5 Ng7 59. Rd3 1-0

[Event "RM-2013-0-00117"]
[White "Nichols, Scott"]
[Black "Onder, Evren"]
[Site "LSS email"]
[Round "?"]
[Result "1-0"]
[Date "2013.04.16"]
[WhiteElo "2223"]
[BlackElo "2209"]
[PlyCount "141"]
[EventDate "2013.01.19"]
[EventType "tourn (corr)"]
[EventRounds "6"]
[EventCountry "GER"]
[SourceTitle "Telechess CBM 161"]
[Source "ChessBase"]
[SourceDate "2014.07.16"]
[SourceVersion "1"]
[SourceVersionDate "2014.07.16"]
[SourceQuality "1"]

1. e4 e5 2. Nf3 Nc6 3. Bc4 Nf6 4. d4 exd4 5. e5 Ng4 6. 0-0 d6 7. exd6 Qxd6 8. Na3 a6 9. h3 Nh6 10. Re1+ Be7 11. Bd3 Be6 12. Nc4 Qc5 13. b4 Nxb4 14. Re5 Bd5 15. Nfd2 0-0-0 16. Nb3 Qc6 17. Rxe7 Bxc4 18. Bf4 Nd5 19. Be4 Nxe7 20. Bxc6 Nxc6 21. Qd2 Rhe8 22. Bxh6 gxh6 23. Qxh6 d3 24. cxd3 Bxd3 25. Rd1 Bg6 26. Rxd8+ Nxd8 27. Nd4 Re5 28. f4 Rd5 29. Nf3 Rd6 30. Kf2 a5 31. h4 Bb1 32. Qg7 f6 33. a4 Bc2 34. g4 b6 35. h5 Ne6 36. Qxf6 Nc5 37. Qh8+ Rd8 38. Qg7 Rd7 39. Qf8+ Rd8 40. Qe7 Rd7 41. Qe8+ Kb7 42. Ne5 Rd6 43. Qg8 Bxa4 44. Qxh7 Bb3 45. Qb1 Rd1 46. Qb2 a4 47. f5 Rd3 48. Kf1 Rd1+ 49. Ke2 Rh1 50. Kf3 Rf1+ 51. Kg2 Re1 52. h6 Bd5+ 53. Kg3 Ne4+ 54. Kf4 Rf1+ 55. Ke3 Rh1 56. Qd4 Rh3+ 57. Kf4 Nc3 58. Kg5 c5 59. Qf4 a3 60. f6 Nb5 61. f7 Nc7 62. Qd2 a2 63. f8Q a1Q 64. Qg7 Qd4 65. Qxd4 cxd4 66. h7 d3 67. Nxd3 Be4 68. h8Q Rxh8 69. Qxh8 Bxd3 70. Qh1+ Kc8 71. Qc6 1-0